| 000 | 00389 a2200133 4500 | ||
|---|---|---|---|
| 005 | 20250603141223.0 | ||
| 020 | _a0-7619-9222-7 | ||
| 082 | _aTEA LECT 306.430 SHU | ||
| 245 | _aEducation, Development and Underdevelopment | ||
| 260 |
_aNew Delhi, _bSage Publications, _c1998. |
||
| 300 |
_a308p.: Ill.;figures & table. _bIndex _c22cm. |
||
| 700 | _aSHUKLA, S.& KAUL, R. | ||
| 942 |
_2ddc _cBKS |
||
| 999 |
_c3109 _d3109 |
||